Natural disasters and sustainable development (Record no. 635144)

MARC details
000 -LEADER
fixed length control field 00823nam a2200277Ia 4500
003 - CONTROL NUMBER IDENTIFIER
control field OSt
005 - DATE AND TIME OF LATEST TRANSACTION
control field 20220926020854.0
008 - FIXED-LENGTH DATA ELEMENTS--GENERAL INFORMATION
fixed length control field 220923b |||||||| |||| 00| 0 eng d
020 ## - INTERNATIONAL STANDARD BOOK NUMBER
International Standard Book Number 3540421999
037 ## - SOURCE OF ACQUISITION
Terms of availability General Book
040 ## - CATALOGING SOURCE
Original cataloging agency RTL
Transcribing agency RTL
Language of cataloging eng
041 ## - LANGUAGE CODE
Source of code eng
Language code of text/sound track or separate title eng
100 ## - MAIN ENTRY--PERSONAL NAME
Personal name Casale Riccardo Ed.
9 (RLIN) 325286
245 #0 - TITLE STATEMENT
Title Natural disasters and sustainable development
260 ## - PUBLICATION, DISTRIBUTION, ETC.
Place of publication, distribution, etc. New York
Name of publisher, distributor, etc. Springer USA
Date of publication, distribution, etc. 2004
300 ## - PHYSICAL DESCRIPTION
Extent xix, 397p
Dimensions cm.
490 ## - SERIES STATEMENT
Series statement Environmental Science
500 ## - GENERAL NOTE
General note Biblography Chapterwise
650 ## - SUBJECT ADDED ENTRY--TOPICAL TERM
Topical term or geographic name entry element Climate
700 ## - ADDED ENTRY--PERSONAL NAME
Personal name Margottini Claudio Ed.
9 (RLIN) 325287
942 ## - ADDED ENTRY ELEMENTS (KOHA)
Classification part U2884:(G:55), P4
Koha item type General Books
Source of classification or shelving scheme Colon Classification (CC)
Holdings
Withdrawn status Lost status Damaged status Not for loan Home library Current library Date acquired Total Checkouts Full call number Barcode Date last seen Price effective from Koha item type
        Ratan Tata Library Ratan Tata Library 2022-09-26   U2884:(G:55) P4 RT1147376 2022-09-26 2022-09-26 General Books
Copyright @ Delhi University Library System